000 00521nam a2200169Ia 4500
008 090201s9999 xx 000 0 und d
010 _aKPL-35319
040 _bमराठी
041 _aमराठी
082 _a20251
_b35319
100 _aशरदचंद्र वाळिंबे
245 _aवादळ
_cशरदचंद्र वाळिंबे
260 _c2004
_bश्रध्दा प्रकाशन
300 _a216
_bमोठा
600 _aवादळ
942 _cBOOK
999 _c220029
_d220029